ბათუმის შოთა რუსთაველის სახელმწიფო უნივერსიტეტის ბიბლიოთეკა

ინსტიტუციური ცვლილებების სოციოლოგია : (ბიბ.ჩანაწერი № 58952)

000 -ლიდერი
ფიქსირებული სიგრძის საკონტროლო ველი 01382nam a22002537a 4500
003 - საკონტროლო ნომრის იდენტიფიკატორი
საკონტროლო ველი Ge_BSU
005 - ბოლო ოპერაციის თარიღი და დრო
საკონტროლო ველი 20221024114129.0
008 - ფიქსირებული სიგრძის მონაცემთა ელემენტები - ზოგადი ინფორმაცია
ფიქსირებული სიგრძის საკონტროლო ველი 221024s2002 ge ||||| |||| 00| 0 geo d
020 ## - წიგნის საერთაშორისო სტანდარტული ნომერი
International Standard Book Number 9992889390
041 ## - ენის კოდი
Language code of text/sound track or separate title geo
080 ## - უნივერსალური ათობითი კლასიფიკაციის ინდექსი
Universal Decimal Classification number 316.3 თ-40
100 ## - მთავარი ჩანაწერი - პიროვნების სახელი
Personal name თევზაძე, გიგი
9 (RLIN) 750
245 ## - ცნობა სათაურის შესახებ
Title ინსტიტუციური ცვლილებების სოციოლოგია :
Remainder of title [სახელმძღვ. სოციალ. მეცნიერებების მაგისტრანტებისათვის /
Statement of responsibility, etc რედ.: ლია კაჭარავა] ; ფონდი ღია საზოგადოება - საქართველო.
264 ## - წარმოების, გამოცემის, დისტრიბუციის და სხვა ცნობები
გამოცემის, წარმოების, დისტრიბუციის... ადგილი თბილისი :
გამოცემის, წარმოების, დისტრიბუციის... სახელწოდება მეცნიერება,
გამოცემის, წარმოების, დისტრიბუციის... თარიღი 2002.
300 ## - ფიზიკური აღწერა
Extent 108 გვ. ;
Other physical details 20 სმ.
490 ## - სერიის ცნობა
Series statement სოციალურ მეცნიერებათა სერია
520 ## - SUMMARY, ETC.
Summary, etc რეზ. ინგლ. ენ.
653 ## - INDEX TERM--UNCONTROLLED
Uncontrolled term სოციალური ინსტიტუტები
653 ## - INDEX TERM--UNCONTROLLED
Uncontrolled term სოციალური ცვლილებები
653 ## - INDEX TERM--UNCONTROLLED
Uncontrolled term სოციალური სტრუქტურები
653 ## - INDEX TERM--UNCONTROLLED
Uncontrolled term ინსტიტუციური ცვლილებები.
700 ## - ADDED ENTRY--PERSONAL NAME
Personal name კაჭარავა, ლია
Relator term redaqtori
9 (RLIN) 15471
942 ## - ADDED ENTRY ELEMENTS (KOHA)
Source of classification or shelving scheme
Koha item type წიგნი
ეგზემპლარები
ჩამოწერის სტატუსი დაკარგული ეგზემპლარის სტატუსი კლასიფიკაციის წყარო ან თაროზე გაწყობის სქემა დაზიანების სტატუსი არ გაიცემა მუდმივი მდებარეობა (დაცვის ადგილი) ამჟამინდელი ადგილსამყოფელი თაროზე განთავსების ადგილი შეძენის თარიღი ღირებულება, შესყიდვის ნორმალური ფასი სრული შენახვის შიფრი შტრიხკოდი ბოლო ოპერაციის თარიღი ეგზემპლარის მიმდევრობითი ნომერი (კეტერი?) ფასის ძალაში შესვლის თარიღი ეგზემპლარის სახეობა საჯარო შენიშვნა
          ბათუმის შოთა რუსთაველის სახელმწიფო უნივერსიტეტის მთავარი ბიბლიოთეკა ბათუმის შოთა რუსთაველის სახელმწიფო უნივერსიტეტის მთავარი ბიბლიოთეკა წიგნსაცავი 2022-10-24 5.00 316.3 თ-40 28743 2022-10-24 28743 2022-10-24 წიგნი 5 ლ.